Quantum mechanics / (Record no. 8160)
[ view plain ]
| 000 -LEADER | |
|---|---|
| fixed length control field | 00793cam a2200265 a 4500 |
| 001 - CONTROL NUMBER | |
| JCCL Control Number | 8160 |
| 003 - CONTROL NUMBER IDENTIFIER | |
| JCCL marc code | BD - JhCC |
| 005 - DATE AND TIME OF LATEST TRANSACTION | |
| control field | 20220321134020.0 |
| 008 - FIXED-LENGTH DATA ELEMENTS--GENERAL INFORMATION | |
| fixed length control field | 880808s1977 enka b 001 0 eng d |
| 035 ## - SYSTEM CONTROL NUMBER | |
| system control number | (BD - JhCC)8160 |
| 040 ## - CATALOGING SOURCE | |
| Original cataloging agency | DLC |
| Transcribing agency | DLC |
| Modifying agency | m.c |
| -- | OCL |
| -- | BD - JhCC |
| 041 1# - LANGUAGE CODE | |
| Language code of Book | eng |
| Language code of original and/or intermediate translations of text | rus |
| 050 #0 - LIBRARY OF CONGRESS CALL NUMBER | |
| Classification number | QC174.12 |
| Item number | .L3513 1977 |
| 082 ## - DEWEY DECIMAL CLASSIFICATION NUMBER | |
| Classification number | 530.1/2 |
| Author mark and Year | QUA 1982 |
| 245 10 - TITLE STATEMENT | |
| Title | Quantum mechanics / |
| Statement of responsibility, etc | S. L. Gupta ...[et. al]. |
| 250 ## - EDITION STATEMENT | |
| Edition statement | 3rd ed., rev. and enl. / |
| 260 ## - PUBLICATION, DISTRIBUTION, ETC. (IMPRINT) | |
| Place of publication, distribution, etc | Meerut City : |
| Name of publisher, distributor, etc | Jai Prkash Nath & Co., |
| Date of publication, distribution, etc | 1982. |
| 300 ## - PHYSICAL DESCRIPTION | |
| Pagination | 654 p. : |
| Other physical details | ill., tables ; |
| Dimensions | 25 cm. |
| 490 1# - SERIES STATEMENT | |
| Series statement | Course of theoretical physics. |
| Volume number/sequential designation | vol. 3 |
| 504 ## - BIBLIOGRAPHY, ETC. NOTE | |
| Bibliography, etc | Includes bibliographical references and index. |
| 650 #0 - SUBJECT ADDED ENTRY--TOPICAL TERM | |
| Topical term or geographic name as entry element | Quantum theory. |
| 700 ## - ADDED ENTRY--PERSONAL NAME | |
| Personal name | Gupta, S. L. |
| 942 ## - ADDED ENTRY ELEMENTS (KOHA) | |
| Source of classification or shelving scheme | Dewey Decimal Classification |
| Koha item type | Books |
| Koha issues (borrowed), all copies | 2 |
| Source of classification or shelving scheme | Damaged status | Not for loan | Home library | Current library | Shelving location | Total Checkouts | Full call number | Barcode | Date last seen | Date checked out | Copy number | Koha item type |
|---|---|---|---|---|---|---|---|---|---|---|---|---|
| Dewey Decimal Classification | JCC Rouf Library | JCC Rouf Library | General Stacks | 1 | 530.1/2 QUA 1982 | 10786 | 05/29/2022 | 03/20/2022 | C - 1 | Books |